000 01187nam a2200349Ia 4500
005 20210727153316.0
008 160601s2005 ck g 000 0 spa
020 _a9972895114
100 1 _aSófocles
_d496-406 a.C.
245 1 0 _aEdipo rey
_cSófocles ; traducción Ciro Alegría Varona
250 _a1a. edición
300 _a97, 51 páginas
_c21 cm
490 _aCara y cruz
500 _aIncluye cronología
505 _aEstructura de la tragedia -- Edipo rey, la pasión por la justicia
534 _tOedipus rex
600 1 4 _aSófocles
_d496-406 a.C.
_xCrítica e interpretación
_952924
600 1 4 _aSófocles
_d496-406 a.C.
_xCronología
_952925
650 1 4 _2LEMB
_aTeatro griego
650 1 4 _2LEMB
_aLiteratura griega
650 1 4 _2LEMB
_aTragedia en la literatura
650 1 4 _2LEMB
_aDrama en la literatura
700 1 _aAlegría Varona, Ciro
_d1909-1967
_etraductor
740 _aSófocles : vida y obra
942 _2loc
_cBKLIT
264 _aBogotá
_bNorma
_c2005
336 _atexto
_btxt
_2rdacontent
337 _asin mediación
_bn
_2rdamedia
338 _avolumen
_bnc
_2rdacarrier
040 _aCO-BoRNBP
_bspa
_erda
_cCO-BoRNBP
084 _aT SOF1
999 _c5765
_d5765